| 000 | 00471nam a2200157 4500 | ||
|---|---|---|---|
| 001 | 110161 | ||
| 003 | ES-MaACL | ||
| 005 | 20230906185003.0 | ||
| 007 | t| | ||
| 008 | 061121s1962 sp r ||||1| spa d | ||
| 100 | 1 |
_aMolas Pujol, Eudaldo. _981846 |
|
| 245 | 1 | 0 |
_aAdministración y contabilidad de hoteles / _cEudaldo Molas Pujol. |
| 260 |
_aBarcelona : _bEditur, _c1962. |
||
| 300 |
_a220 p., 3 lám. : _bil. ; _c19 cm + _e4 gráf. pleg. |
||
| 852 |
_aES-MaACL _jC-22089 |
||
| 999 |
_c110161 _d110161 |
||